header

Don Juan (Record no. 2860)

MARC details
000 -LEADER
fixed length control field 01005nam a2200265Ia 4500
100 1# - MAIN ENTRY--AUTHOR NAME
Personal name Byron, George Gordon Byron,
245 10 - TITLE STATEMENT
Title Don Juan
260 ## - PUBLICATION, DISTRIBUTION, ETC. (IMPRINT)
Place of publication Blacksburg, VA :
Name of publisher Virginia Tech,
Year of publication 2001.
300 ## - PHYSICAL DESCRIPTION
Number of Pages 307 p.
650 #0 - SUBJECT ADDED ENTRY--TOPICAL TERM
Topical Term Don Juan (Legendary character)
Topical Term English poetry.
856 40 - ELECTRONIC LOCATION AND ACCESS
Uniform Resource Identifier http://site.ebrary.com/lib/rucke/Doc?id=5000526

No items available.

© 2026 Rongo University
Contact us: librarian | system librarian | Rongo university